000 01329nam0a22002651 4500
001 rc\611784
005 20031121163827.6
035 _a(NLR Aleph) 005855395
090 _a5822358
_c5822358
100 _a20031121d1986 u |0rusy50 ca
101 0 _arus
102 _aRU
105 _ay |||||||||
200 1 _aСОВЕРШЕНСТВОВАНИЕ нормирования, оплаты труда и экономического стимулирования в ремонтном производстве
_fД. э. н. А.М. Шнейдеров, к. э. н. О.В. Ямнов, Е.В. Лялина и др.
210 _aМ.
_cВНИИЭСМ
_d1986
215 _a44, [1] с.
_d20
225 1 _aПромышленность строительных материалов
_hСерия 15
_iРемонт и эксплуатация оборудования
_eОбзор. информ.
_fВНИИ НТИ и экономики пром-сти строит. материалов
_vВып. 1
300 _aВ надзаг. также: М-во пром-сти строит. материалов СССР
320 _aБиблиогр.: с. 43-44
701 1 _aШнейдеров
_bА. М.
_gАлексей Миронович
801 0 _aRU
_bNLR
_gpsbo
801 1 _aRU
_bELAR
_2rusmarc
852 _aNLR
_jП10/5852
942 _cBOOK
980 _aNB